000 00312nam a22001217a 4500
008 160420b xxu||||| |||| 00| 0 eng d
020 _a9780803628137
020 _a10080368137
041 _aeng
080 _a618.2
245 _aMaternal Child Nursing Care:
_cLusan L.Ward; and Shelton M.Hisley;
942 _2udc
_cBK
999 _c1459
_d1459